El pequeño grupo / (Record no. 9554)

MARC details
000 -LEADER
fixed length control field 00736nam a22002297a 4500
008 - FIXED-LENGTH DATA ELEMENTS--GENERAL INFORMATION
fixed length control field 230929b ag ||||| |||| 00| 0 spa d
040 ## - CATALOGING SOURCE
Original cataloging agency AR-FvUNAJ
082 ## - DEWEY DECIMAL CLASSIFICATION NUMBER
Edition number 14
Classification number 302
100 1# - MAIN ENTRY--PERSONAL NAME
9 (RLIN) 18814
Personal name Olmsted, Michael S.
245 13 - TITLE STATEMENT
Title El pequeño grupo /
Statement of responsibility, etc Michael S. Olmsted
250 ## - EDITION STATEMENT
Edition statement 8a ed.
260 ## - PUBLICATION, DISTRIBUTION, ETC. (IMPRINT)
Place of publication, distribution, etc Buenos Aires :
Name of publisher, distributor, etc Paidós,
Date of publication, distribution, etc 1978.
300 ## - PHYSICAL DESCRIPTION
Extent 187 p.
440 ## - SERIES STATEMENT/ADDED ENTRY--TITLE
9 (RLIN) 8773
Title Biblioteca del Hombre Contemporáneo
Volume number/sequential designation 61
500 ## - GENERAL NOTE
General note Título del original inglés: The small group
500 ## - GENERAL NOTE
General note Traducción de Angel F. Nebbia
650 27 - SUBJECT ADDED ENTRY--TOPICAL TERM
Source of heading or term unescot
9 (RLIN) 693
Topical term or geographic name as entry element SOCIOLOGIA
650 27 - SUBJECT ADDED ENTRY--TOPICAL TERM
Source of heading or term unescot
9 (RLIN) 4923
Topical term or geographic name as entry element DINAMICA DE GRUPO
650 27 - SUBJECT ADDED ENTRY--TOPICAL TERM
Source of heading or term unescot
9 (RLIN) 1808
Topical term or geographic name as entry element GRUPOS SOCIALES
942 ## - ADDED ENTRY ELEMENTS (KOHA)
Source of classification or shelving scheme Dewey Decimal Classification
Item type Libro, folleto, traducción
980 ## - EQUIVALENCE OR CROSS-REFERENCE-SERIES STATEMENT--PERSONAL NAME/TITLE [LOCAL, CANADA]
Linkage 21568
Personal name Nuñez
Field link and sequence number 21568
Miscellaneous information Nuñez
Holdings
Withdrawn status Lost status Source of classification or shelving scheme Damaged status Not for loan Home library Current library Date acquired Source of acquisition Total Checkouts Full call number Barcode Date last seen Price effective from Koha item type
    Dewey Decimal Classification     Biblioteca Central Biblioteca Central 29/09/2023 Donación   302 OLM UNAJ23090504 17/03/2025 29/09/2023 Libro, folleto, traducción

Lunes a Viernes 8:30 a 19:00 hs. Cerrado por mudanza
Av.Calchaqui 6200 Florencio Varela (CP188) 2°piso Edificio Mosconi Aula 209-210
Mail: bibliotecacentralunaj@gmail.com  
Whatsapp(54 9)1122668024    ❔Pregunte a la bibliotecaria
© Universidad Nacional Arturo Jauretche | Secretaría Académica | Biblioteca Central UNAJ